Movies Quiz

Random Movies or Comic Books Quiz

Top 100 Box Office Movies: Comic Books Quiz Stats

 Plays Quiz Updated Jul 30, 2018

Challenge
Share
Tweet
Embed
Score 0/100 Timer 15:00
3 Plays Today
Year Movie Title % Correct
2018Avengers: Infinity War
96.6%
1989Batman
95.2%
2002Spider-Man
93.9%
2008Iron Man
93.8%
2018Black Panther
92.3%
2012Marvel's The Avengers
91.8%
2008The Dark Knight
91.4%
2010Iron Man 2
91%
2013Iron Man 3
90.2%
1978Superman
89.7%
2004Spider-Man 2
89.7%
2007Spider-Man 3
88.6%
2011Thor
88.6%
2011Captain America: The First Avenger
88.5%
2015Avengers: Age of Ultron
87.5%
2017Thor: Ragnarok
85.7%
2014Captain America: The Winter Soldier
85.6%
2016Captain America: Civil War
84.8%
2003Hulk
84.6%
2013Thor: The Dark World
84.6%
2005Batman Begins
84.3%
2000X-Men
83.8%
2018Deadpool 2
83.7%
2017Wonder Woman
82.5%
2012The Dark Knight Rises
82%
1980Superman II
79.7%
2012The Amazing Spider-Man
79.5%
2003X2: X-Men United
78.5%
1983Superman III
78.4%
2008The Incredible Hulk
77.9%
2015Ant-Man
77.1%
2006X-Men: The Last Stand
76.9%
2016Batman v Superman: Dawn of Justice
76.9%
1997Batman & Robin
76.2%
Year Movie Title % Correct
2014Guardians of the Galaxy
76%
2016Deadpool
75.5%
2017Justice League
75%
2017Guardians of the Galaxy Vol. 2
73.8%
1992Batman Returns
73.6%
2011X-Men: First Class
72.6%
2017Spider-Man: Homecoming
71.8%
2013The Wolverine
70.7%
2014X-Men: Days of Future Past
70.7%
2013Man of Steel
69.7%
1995Batman Forever
69.5%
2014The Amazing Spider-Man 2
67.6%
2005Fantastic Four
67.2%
2016X-Men: Apocalypse
66.5%
2017Logan
64.3%
2015Fantastic Four
64%
2016Doctor Strange
59.8%
2007Fantastic Four: Rise of the Silver Surfer
59.7%
2018Ant-Man and the Wasp
59.5%
2011Green Lantern
58.7%
2009Watchmen
55.8%
2016Suicide Squad
54.7%
2006Superman Returns
54.2%
2003Daredevil
53.9%
2009X-Men Origins: Wolverine
49.6%
1998Blade
48.1%
2002Blade II
45.6%
2004Blade: Trinity
44.6%
2007Ghost Rider
37.2%
2005Sin City
36.3%
2004Hellboy
34%
2008Hellboy II: The Golden Army
31.4%
2012Ghost Rider: Spirit of Vengeance
30.6%
2006300
28.8%
Year Movie Title % Correct
1990Teenage Mutant Ninja Turtles
26%
2007*TMNT
24.8%
1997Spawn
24.6%
1997Men in Black
23.8%
2002Men in Black II
23.1%
2005V for Vendetta
22.6%
2014Teenage Mutant Ninja Turtles
22.3%
2011The Green Hornet
22.2%
2014*Big Hero 6
21%
2012MIB 3
20.9%
1991Teenage Mutant Ninja Turtles II: The Secret of the Ooze
19.5%
2015*The Peanuts Movie
19.1%
1994The Mask
18.3%
2003The League of Extraordinary Gentlemen
16.9%
2016Teenage Mutant Ninja Turtles: Out of the Shadows
16.7%
2005Constantine
15.7%
2002Road to Perdition
15.4%
2010Red
14.1%
2014300: Rise of an Empire
13.7%
1990Dick Tracy
12.6%
2008Wanted
11.9%
2015Kingsman: The Secret Service
11.7%
2017Kingsman: The Golden Circle
10.5%
2013Red 2
8.8%
2011*The Adventures of Tintin
8.7%
2011Cowboys & Aliens
7.5%
1995Casper
5.6%
1982Annie
5.3%
2017Atomic Blonde
4.6%
2014Hercules
4.6%
2013Oblivion
4%
20132 Guns
3.6%

You're not logged in!

Compare scores with friends on all Sporcle quizzes.
Join for Free
OR
Log In

You Might Also Like...

Show Comments

Extras

Top Quizzes Today


Score Distribution

Your Account Isn't Verified!

In order to create a playlist on Sporcle, you need to verify the email address you used during registration. Go to your Sporcle Settings to finish the process.

Report this User

Report this user for behavior that violates our Community Guidelines.

Details: